Vista normal
Vista MARC
Entrada Personal Name
Número de registros utilizados en: 1
001 - CONTROL NUMBER
- control field: 43507
003 - CONTROL NUMBER IDENTIFIER
- control field: OSt
005 - DATE AND TIME OF LATEST TRANSACTION
- control field: 20241025093637.0
008 - FIXED-LENGTH DATA ELEMENTS
- fixed length control field: 241025|| aca||aabn | a|a d
040 ## - CATALOGING SOURCE
- Original cataloging agency: OSt
- Transcribing agency: OSt
100 ## - HEADING--PERSONAL NAME
- Personal name: Pulecio Guzmán, Gustavo
670 ## - SOURCE DATA FOUND
- Source citation: Work cat.: (OSt)38511: Premio Compartir al Maestro Bogotá 43504, Nuestros mejores maestros :